<?xml version="1.0" encoding="UTF-8"?>
<record
    xmlns:xsi="http://www.w3.org/2001/XMLSchema-instance"
    xsi:schemaLocation="http://www.loc.gov/MARC21/slim http://www.loc.gov/standards/marcxml/schema/MARC21slim.xsd"
    xmlns="http://www.loc.gov/MARC21/slim">

  <leader>01626cam a22002533a 4500</leader>
  <controlfield tag="001">12515</controlfield>
  <controlfield tag="003">PGUSA</controlfield>
  <controlfield tag="005">20140828083252.0</controlfield>
  <controlfield tag="008">040601s2004||||xxu|||||s|||||000 i eng d</controlfield>
  <datafield tag="040" ind1=" " ind2=" ">
    <subfield code="a">PGUSA</subfield>
    <subfield code="b">eng</subfield>
  </datafield>
  <datafield tag="042" ind1=" " ind2=" ">
    <subfield code="a">dc</subfield>
  </datafield>
  <datafield tag="050" ind1=" " ind2="4">
    <subfield code="a">PR</subfield>
  </datafield>
  <datafield tag="245" ind1="1" ind2="0">
    <subfield code="a">Selected English Letters (XV - XIX Centuries)</subfield>
    <subfield code="h">[electronic resource]</subfield>
  </datafield>
  <datafield tag="260" ind1=" " ind2=" ">
    <subfield code="b">Project Gutenberg,</subfield>
    <subfield code="c">2004</subfield>
  </datafield>
  <datafield tag="505" ind1="0" ind2=" ">
    <subfield code="a">Sir Thomas More -- Margaret Roper -- Roger Ascham -- Francis Bacon -- Sir Thomas Browne -- John Milton -- John Evelyn -- Dame Dorothy Browne -- George, Lord Berkeley -- Dorothy Osborne -- Katharine Philips -- John Locke -- Samuel Pepys -- Jonathan Swift -- Joseph Addison -- Sir Richard Steele -- John Gay -- Alexander Pope -- Samuel Richardson -- Lady Mary Wortley Montagu -- Philip Dormer Stanhope, Earl of Chesterfield -- Samuel Johnson -- Laurence Sterne -- Thomas Gray -- Horace Walpole -- Oliver Goldsmith -- William Cowper -- Edmund Burke -- Edward Gibbon -- Frances D'Arblay -- George Crabbe -- William Blake -- Mary Leadbeater -- Robert Burns -- William Wordsworth -- Sir Walter Scott -- Samuel Taylor Coleridge -- Robert Southey -- Charles Lamb -- William Hazlitt -- Leigh Hunt -- George Gordon Noel, Lord Byron -- Percy Bysshe Shelley -- John Keats -- Thomas Hood -- Robert Browning -- Elizabeth Barrett Browning -- Charlotte Bront&#xEB;.</subfield>
  </datafield>
  <datafield tag="506" ind1=" " ind2=" ">
    <subfield code="a">Public domain in the USA.</subfield>
  </datafield>
  <datafield tag="516" ind1=" " ind2=" ">
    <subfield code="a">Electronic text</subfield>
  </datafield>
  <datafield tag="653" ind1=" " ind2=" ">
    <subfield code="a">English letters</subfield>
  </datafield>
  <datafield tag="700" ind1="1" ind2=" ">
    <subfield code="a">Wragg, Harriet,</subfield>
    <subfield code="d">1881-</subfield>
  </datafield>
  <datafield tag="700" ind1="1" ind2=" ">
    <subfield code="a">Duckitt, Mabel,</subfield>
    <subfield code="d">1881-</subfield>
  </datafield>
  <datafield tag="830" ind1=" " ind2="0">
    <subfield code="a">Project Gutenberg</subfield>
    <subfield code="v">12515</subfield>
  </datafield>
  <datafield tag="856" ind1="4" ind2="0">
    <subfield code="u">http://www.gutenberg.org/ebooks/12515</subfield>
  </datafield>
  <datafield tag="942" ind1=" " ind2=" ">
    <subfield code="c">EB</subfield>
  </datafield>
  <datafield tag="999" ind1=" " ind2=" ">
    <subfield code="c">241770</subfield>
    <subfield code="d">241770</subfield>
  </datafield>
  <datafield tag="952" ind1=" " ind2=" ">
    <subfield code="0">0</subfield>
    <subfield code="1">0</subfield>
    <subfield code="4">0</subfield>
    <subfield code="a">GTB</subfield>
    <subfield code="b">GTB</subfield>
    <subfield code="d">2014-08-28</subfield>
    <subfield code="l">0</subfield>
    <subfield code="r">2014-08-28 00:00:00</subfield>
    <subfield code="w">2014-08-28</subfield>
    <subfield code="y">EB</subfield>
  </datafield>
</record>
